000 01199nam a2200229Ia 4500
001 L760-29476
003 IT-CnALBA
008 170116s9999||||xx |||||||||||||| ||und||
040 _aIT-CnALBA
_cIT-CnALBA
041 _aITALIANO
100 _aADRIANO, FRÀ FRANCESCO
245 0 _aLA COMPOSIZIONE. TESTO DI TECNOLOGIA TIPOGRAFICA. PRIMO ANNO DI AVVIAMENTO.
250 _a1a ed.
260 _a ASTI
_bSCUOLA TIPOGRAFICA SAN GIUSEPPE
_cn.d.
300 _a116 p.
500 _aSTORIA. SCRITTURA. CARTA. OFFICINE SCRITTORIE. XILOGRAFIA. STAMPA. TIPOGRAFIA. TIPOGRAFI ILLUSTRI. RISMATURA. INCHIOSTRI. COMPOSIZIONE. STEREOTIPIA. MOBILI. METRICA TIPOGRAFICA. BIANCO TIPOGRAFICO. CARATTERI. BOZZE. CORREZIONI IN PIOMBO. SCOMPOSIZIONE.
501 _aSocietà San Paolo EM - Piazza San Paolo, 14 - 12051 ALBA (CN) (non commercial uses only) ® Copyright 2017
520 _aSTORIA. SCRITTURA. CARTA. OFFICINE SCRITTORIE. XILOGRAFIA. STAMPA. TIPOGRAFIA. TIPOGRAFI ILLUSTRI. RISMATURA. INCHIOSTRI. COMPOSIZIONE. STEREOTIPIA. MOBILI. METRICA TIPOGRAFICA. BIANCO TIPOGRAFICO. CARATTERI. BOZZE. CORREZIONI IN PIOMBO. SCOMPOSIZIONE.
650 _aARTI GRAFICHE
942 _cBK
957 _71
999 _a34245
_bNO
_g Copie: 1
_c288396
_d288396